1089 1765 1389 1659 1270 1308 1856 1494 1959 1267 1383 1362 1458 1454 1646 1969 1391 1402 1857 1166 1149 1470 1384 1792 1399 1689 1114 1091 1951 1361 1672 1331 1063 1843 1794 1047 1485 1947 1482 1212 1798 1664 1953 1485 1301 1499 1176 1036 1563 1159 1890 1299 1724 1243 1985 1086 1358 1695 1505 1213 1025 1780 1542 1440 1696 1461 1806 1960 1005 1736 1660 1772 1572 1328 1646 1885 1253 1872 1481 1900 1912 1762 1121 1247 1925 1116 1805 1602 1355 1455 1471 1672 1002 1519 1856 1660 1780 1485 1144 BCNSPRNW ULIB Ver.6.0+V

เปลี่ยนเป็นภาษาไทย

Change to English
 แสดงรายละเอียดบรรณานุกรม
  กลับหน้าหลัก

Brief Record : Get Marc (ISO 2709) : E-mail record : QR code < ปิดหน้าต่าง
LEADER : 00000nam 2200000uu 4500
001    13399112653
003     ULIB
008    110830s2548||||th 000 0 tha d
020    9748387127
020    9789748387123
050  4 HV6543^bอ373ท 2548
100 0  อรอนงค์ อินทรจิตร
245 10 ทำไมต้องฆ่าตัวตาย :^ba cry for help! /^cอรอนงค์ อินทรจิตร,นรินทร์ กรินชัย
250    พิมพ์ครั้งที่ 1
260    กรุงเทพฯ :^bสถาบันจิตวิทยาฮอทไลน์,^c2548
300    269 หน้า ;^c21 ซม.
650  7 การฆ่าตัวตาย
650  7 ความซึมเศร้า
650  7 ความเศร้า
700 0  นรินทร์ กรินชัย
945    ^p190^l0^i019000
995    ทศพร
999 ^a ทศพร
รายการนี้ยังไม่มีแท็ก
คุณยังไม่ได้ล็อกอิน คุณสามารถมีกิจกรรมร่วมกับเว็บไซต์ได้ แต่ต้องล็อกอินก่อน ::
  ล็อกอิน

รายการสื่อสารสนเทศ

ลำดับที่ ประเภท เลขเรียก/บาร์โค้ด สถานที่ สถานะ
- ไม่พบข้อมูล -

รายการใกล้เคียง
    หัวเรื่อง [การฆ่าตัวตาย]
    หัวเรื่อง [ความซึมเศร้า]

BibComment


ยังไม่เคยถูกคอมเมนท์

คอมเมนท์ทรัพยากรรายการนี้
  คอมเมนท์: ทำไมต้องฆ่าตัวตาย..


 Copyright 2026. Bcnsprnw @Library